[Event "34th Bosna it"]
[Site "Sarajevo BIH"]
[Date "2004.05.21"]
[EventDate "2004.05.18"]
[Round "4"]
[Result "0-1"]
[White "Dizdarevic, Emir"]
[Black "Shirov, Alexei"]
[WhiteElo "2520"]
[BlackElo "2713"]
[PlyCount "74"]

1. Nf3 Nf6 2. g3 g6 3. b3 d6 4. d4 c5 5. Bg2 Bg7 6. Bb2 cxd4 7. Nxd4 d5 8. c4 dxc4 9. bxc4 Qb6 10. Qb3 Nfd7 11. Nd2 Nc6 12. Nb5 Nc5 13. Qa3 Bxb2 14. Qxb2 O-O 15. Qa3 Rd8 16. Nb3 Nxb3 17. axb3 Bg4 18. O-O Bxe2 19. Rfe1 Rd2 20. Qc1 Rad8 21. Nd6 Qb4 22. Ne4 Rd1 23. Qc3 Rxe1+ 24. Rxe1 Rd1 25. Rxd1 Bxd1 26. Qxb4 Nxb4 27. Nd2 b6 28. Bf3 Bxf3 29. Nxf3 f6 30. Kf1 Kf7 31. Ke2 e5 32. Nd2 f5 33. h4 Ke6 34. Nb1 Nc6 35. Kd3 e4+ 36. Ke3 Ke5 37. Nc3 Nd4 0-1

[Event "34th Bosna it"]
[Site "Sarajevo BIH"]
[Date "2004.05.22"]
[EventDate "2004.05.18"]
[Round "5"]
[Result "1-0"]
[White "Bologan, Viorel"]
[Black "Dizdarevic, Emir"]
[WhiteElo "2665"]
[BlackElo "2520"]
[PlyCount "129"]

1. e4 c6 2. d4 d5 3. Nd2 dxe4 4. Nxe4 Bf5 5. Ng3 Bg6 6. h4 h6 7. Nf3 e6 8. Ne5 Bh7 9. Bd3 Bxd3 10. Qxd3 Nd7 11. Bf4 Qa5+ 12. c3 Nxe5 13. dxe5 Rd8 14. Qe2 Ne7 15. h5 g5 16. hxg6 Nxg6 17. Nh5 Nxf4 18. Nxf4 Bg7 19. Rh5 Rd7 20. Kf1 Kd8 21. a4 Kc8 22. b4 Qa6 23. Qxa6 bxa6 24. Re1 a5 25. bxa5 Kb7 26. Rh4 Rhd8 27. Nh5 Bf8 28. Nf6 Rc7 29. Rb1+ Ka6 30. Rc4 Kxa5 31. Ke2 Ka6 32. Ne4 Rdc8 33. Nd2 Be7 34. Rg4 Rh8 35. Nc4 h5 36. Rf4 Rf8 37. g3 f5 38. Rh1 Rh8 39. g4 fxg4 40. Rxg4 Bc5 41. Rg6 h4 42. Rh3 Rf8 43. f3 Rf4 44. Nb2 Bb6 45. Rg4 Rxg4 46. fxg4 Rh7 47. Nd3 Ka5 48. g5 Bd8 49. g6 Rg7 50. Nf4 Bg5 51. Nxe6 Rxg6 52. Nxg5 Rxg5 53. e6 Kb6 54. e7 Rg8 55. Rxh4 Re8 56. Re4 Kc7 57. Kd3 Kd6 58. Kd4 Rxe7 59. Rxe7 Kxe7 60. Ke5 Kd7 61. a5 Ke7 62. c4 Kd7 63. c5 Ke7 64. a6 Ke8 65. Ke6 {Opposition} 1-0

[Event "34th Bosna it"]
[Site "Sarajevo BIH"]
[Date "2004.05.27"]
[EventDate "2004.05.18"]
[Round "9"]
[Result "1/2-1/2"]
[White "Movsesian, Sergei"]
[Black "Atalik, Suat"]
[WhiteElo "2647"]
[BlackElo "2558"]
[PlyCount "31"]

1. e4 c5 2. Nf3 d6 3. Nc3 Nc6 4. d4 cxd4 5. Nxd4 Nf6 6. g3 e6 7. Bg2 Bd7 8. O-O a6 9. a4 Be7 10. Be3 O-O 11. Qe2 Qc7 12. h3 Nxd4 13. Bxd4 e5 14. Be3 Be6 15. Rfd1 Rac8 16. Kh2 1/2-1/2